000 00413nam a22001577a 4500
005 20250516183752.0
008 250516b |||||||| |||| 00| 0 eng d
020 _a9780751751383
050 _aHF5549
_b.12 ADM
245 _aAdministration of corporate affairs professional papr14
250 _a6th
260 _aLondon
_bBPP Publishing Ltd
_cc2000
300 _axvi, 480p
710 _aICSA
942 _2lcc
_cBK
_n0
999 _c5835
_d5835